[Event "GER-chT U18 Girls reserves"]
[Site "Germany"]
[Date "2011.05.14"]
[Round "6"]
[White "Bosoy, Taja"]
[Black "Mertes, Kathrin"]
[Result "1-0"]
[WhiteElo "862"]
[BlackElo "840"]
[PlyCount "51"]
[EventDate "2011.05.13"]
[EventType "team-swiss"]
[EventRounds "7"]
[EventCountry "GER"]
[SourceTitle "EXT 2012"]
[Source "ChessBase"]
[SourceDate "2011.11.24"]
[SourceVersion "1"]
[SourceVersionDate "2011.11.24"]
[SourceQuality "1"]
[WhiteTeam "Trier (W)"]
[BlackTeam "Trier (W)"]
[WhiteTeamCountry "GER"]
[BlackTeamCountry "GER"]

1. e4 e5 2. Nf3 Nc6 3. Bc4 Bc5 4. Nc3 Nf6 5. d3 d6 6. Bg5 Bg4 7. 0-0 Nd4 8. Ne2 Nxf3+ 9. gxf3 Bxf3 10. Bd5 c6 11. Bb3 Bg4 12. a3 Qb6 13. Bh4 Bh3 14. Re1 Ng4 15. Rf1 h6 16. Kh1 Bxf1 17. Qxf1 Nxf2+ 18. Bxf2 Bxf2 19. Qg2 0-0 20. Rf1 Bc5 21. Qf3 Kh8 22. Ng3 a5 23. Nh5 a4 24. Bxf7 g6 25. Qf6+ Kh7 26. Qg7# 1-0

[Event "SVR-op 34th"]
[Site "Reil"]
[Date "2011.04.16"]
[Round "1"]
[White "Bosoy, Taja"]
[Black "Van Leyen, Peter"]
[Result "0-1"]
[WhiteElo "870"]
[BlackElo "1516"]
[PlyCount "100"]
[EventDate "2011.04.16"]
[EventType "swiss"]
[EventRounds "7"]
[EventCountry "GER"]
[SourceTitle "EXT 2013"]
[Source "ChessBase"]
[SourceDate "2012.11.22"]
[SourceVersion "1"]
[SourceVersionDate "2012.11.22"]
[SourceQuality "1"]

1. e4 c6 2. Bc4 d5 3. exd5 cxd5 4. Bb5+ Nc6 5. d4 Nf6 6. Nf3 Bf5 7. c4 a6 8. cxd5 Nxd5 9. Bc4 e6 10. 0-0 Be7 11. Nbd2 0-0 12. Nb3 b5 13. Bxd5 Qxd5 14. Re1 Rad8 15. Be3 Bg4 16. Nbd2 Bb4 17. Bg5 Rd7 18. Re4 Bxf3 19. Qxf3 Qxg5 20. Nb3 Qd5 21. Rd1 Rfd8 22. h3 f5 23. Rf4 Qxf3 24. Rxf3 Nxd4 25. Rfd3 Ne2+ 26. Kf1 Rxd3 27. Rxd3 Rxd3 28. Kxe2 Rd5 29. a3 Be7 30. f4 Kf7 31. g3 h6 32. h4 g5 33. hxg5 hxg5 34. Nd2 g4 35. Nf1 a5 36. Ne3 Rc5 37. b3 Rc3 38. b4 a4 39. Kd2 Rxa3 40. Nc2 Rxg3 41. Na1 Bxb4+ 42. Kd1 Rg2 43. Kc1 g3 44. Nc2 Rxc2+ 45. Kxc2 g2 46. Kb2 g1Q 47. Kc2 Qd4 48. Kb1 Qd2 49. Ka1 Bc3+ 50. Kb1 Qb2# 0-1